00000000nam 2200000zi 4500
0019.945508
003CaOODSP
00520250324131000
006m     o  d f      
007cr mn|||||||||
008241125e197712##onc     o    f000 0 fre d
040 |aCaOODSP|bfre|erda|cCaOODSP
043 |an-cn---
0861 |aCo22-706/1977F-PDF
24500|aProjet d'attribution des fréquences canadiennes dans la bande de 406 à 960 MHz.
264 1|a[Ottawa] : |bGouvernement du Canada, Ministère des communications = Government of Canada, Department of Communications, |cdécembre 1977.
300 |a1 ressource en ligne (1 volume (pagination multiple))
336 |atexte|btxt|2rdacontent/fre
337 |ainformatique|bc|2rdamedia/fre
338 |aressource en ligne|bcr|2rdacarrier/fre
500 |aPublié aussi en anglais sous le titre : A discussion paper on Canadian spectrum allocations in the 406-960 MHz frequency band.
500 |a« Document, Ministère des communications » -- Couverture.
500 |aÉdition numérisée de l'imprimé [par Innovation, sciences et développement économique Canada].
650 6|aRadiofréquences|xAttribution|xPolitique gouvernementale|zCanada.
7101 |aCanada. |bMinistère des communications, |eorganisme de publication.
77508|tA discussion paper on Canadian spectrum allocations in the 406-960 MHz frequency band.|w(CaOODSP)9.938903
85640|qPDF|s403 Ko|uhttps://publications.gc.ca/collections/collection_2024/isde-ised/co22/Co22-706-1977-fra.pdf